Newham LBC v Kibata (Record no. 117295)

MARC details
000 -LEADER
fixed length control field 02311cam a2200325 4500
001 - CONTROL NUMBER
control field ABS67749
008 - FIXED-LENGTH DATA ELEMENTS--GENERAL INFORMATION
fixed length control field 040505n2004 000 0 eng u
035 ## - SYSTEM CONTROL NUMBER
System control number (Sirsi) u126103
245 ## - TITLE STATEMENT
Title Newham LBC v Kibata
260 ## - PUBLICATION, DISTRIBUTION, ETC.
Date of publication, distribution, etc. 2004
490 ## - SERIES STATEMENT
Series statement Estates Gazette
Volume/sequential designation [2004] 15 EG 106
520 ## - SUMMARY, ETC.
Summary, etc. [2003] EWCA Civ 1785, 9 December 2003. Appellant council N had brought possession proceedings against respondent K as unlawful occupier of the council flat formerly resided in jointly by K and his wife, who had terminated the tenancy following domestic violence by K. N's CC application was dismissed on the ground that the interference with K's rights under the European Convention on Human rights Art 8(1) was not justified under Art 8(2). N appealed and K cross-appealed alleging breaches of his rights under Arts 8 and 14. "Held": appeal allowed, cross-appeal dismissed. Although the flat remained K's home within the meaning of Art 8, Art 8 was unavailable as a defence in possession proceedings: "Harrow LBC v Qazi" ([2003] UKHL 43, Abs67176) applied. Art 8 had not been infringed. The council's act in obtaining a notice to quit from K's wife was not a determination of K's civil rights within the meaning of Art 6 of the Convention. Given that the Art 8 right was unavailable to K, the prohibition on discrimination in Art 14 did not apply. View judgment at www.courtservice.gov.uk.
590 ## - LOCAL NOTE (RLIN)
Local note ABS
590 ## - LOCAL NOTE (RLIN)
Local note ABS
650 ## - SUBJECT ADDED ENTRY--TOPICAL TERM
Topical term or geographic name entry element RIGHT TO POSSESSION
650 ## - SUBJECT ADDED ENTRY--TOPICAL TERM
Topical term or geographic name entry element HARROW LBC V QAZI
650 ## - SUBJECT ADDED ENTRY--TOPICAL TERM
Topical term or geographic name entry element TRESPASS
650 ## - SUBJECT ADDED ENTRY--TOPICAL TERM
Topical term or geographic name entry element SHEFFIELD CITY COUNCIL V SMART
650 ## - SUBJECT ADDED ENTRY--TOPICAL TERM
Topical term or geographic name entry element NOTICE TO QUIT
650 ## - SUBJECT ADDED ENTRY--TOPICAL TERM
Topical term or geographic name entry element MICHALAK V WANDSWORTH LBC
650 ## - SUBJECT ADDED ENTRY--TOPICAL TERM
Topical term or geographic name entry element KENSINGTON AND CHELSEA LBC V O'SULLIVAN
650 ## - SUBJECT ADDED ENTRY--TOPICAL TERM
Topical term or geographic name entry element CONVENTION FOR THE PROTECTION OF HUMAN RIGHTS AND FUNDAMENTAL FREEDOMS ART 6
650 ## - SUBJECT ADDED ENTRY--TOPICAL TERM
Topical term or geographic name entry element CONVENTION FOR THE PROTECTION OF HUMAN RIGHTS AND FUNDAMENTAL FREEDOMS ART 8
650 ## - SUBJECT ADDED ENTRY--TOPICAL TERM
Topical term or geographic name entry element CONVENTION FOR THE PROTECTION OF HUMAN RIGHTS AND FUNDAMENTAL FREEDOMS ART 14
650 ## - SUBJECT ADDED ENTRY--TOPICAL TERM
Topical term or geographic name entry element NEWHAM LBC V KIBATA
690 ## - LOCAL SUBJECT ADDED ENTRY--TOPICAL TERM (OCLC, RLIN)
Topical term or geographic name as entry element LANDLORD AND TENANT-RESIDENTIAL TENANCIES-CASE LAW
856 ## - ELECTRONIC LOCATION AND ACCESS
Uniform Resource Identifier <a href="https://www.courtservice.gov.uk/View.do?id=2326">https://www.courtservice.gov.uk/View.do?id=2326</a>
Public note View judgment on the Court Service website...
856 ## - ELECTRONIC LOCATION AND ACCESS
Uniform Resource Identifier <a href="https://www.courtservice.gov.uk/View.do?id=2326">https://www.courtservice.gov.uk/View.do?id=2326</a>
Public note View judgment on the Court Service website...
942 ## - ADDED ENTRY ELEMENTS (KOHA)
Suppress in OPAC 0
Holdings
Withdrawn status Lost status Source of classification or shelving scheme Damaged status Not for loan Home library Current library Shelving location Date acquired Total Checkouts Full call number Barcode Date last seen Copy number Price effective from Koha item type
    Dewey Decimal Classification     London London Journal article 05/05/2004   ABS67749 126103-1001 06/08/2019 1 06/08/2019 Law report